Poznatky z moderných veľkochovov ošípaných v ČSSR : materiály zo 4. vedeckej diskusie o problémoch chovu ošípaných v ČSSR konanej v dňoch 13. a 14. októbra 1964 v Nitre /

Hlavní autor: Sidor, Viktor
Jazyk: Slovenština
Vydáno: Bratislava : Slovenské vydavateľstvo pôdohospodárskej literatúry, 1965
Vydání: 1. vyd.
Fyzický popis: 242 s.
Language note: Anglické, německé a ruské resumé
Knihy
Uloženo v:
LEADER 00866nam a22002292a 4500
001 001332284
003 CZ BrMZK
005 20131003084401.0
007 ta
008 131003s1965 xo er|||||||||||slo d
040 |a BOA001  |b cze 
041 0 |a slo  |b eng  |b ger  |b rus 
100 1 |a Sidor, Viktor  |7 jx20050411027  |4 aut 
245 1 0 |a Poznatky z moderných veľkochovov ošípaných v ČSSR :  |b materiály zo 4. vedeckej diskusie o problémoch chovu ošípaných v ČSSR konanej v dňoch 13. a 14. októbra 1964 v Nitre /  |c Viktor Sidor a kol. 
250 |a 1. vyd. 
260 |a Bratislava :  |b Slovenské vydavateľstvo pôdohospodárskej literatúry,  |c 1965 
300 |a 242 s. 
546 |a Anglické, německé a ruské resumé 
910 |a BOA001  |b 2-0566.424 
990 |a BK 
991 |b 201309 
996 7 |b 2619024672  |c 2-0566.424  |l HP2  |r DEN  |n 0  |w 001367180  |u 000010  |a 1  |e BOA001  |j MZK50  |s A